[Event "Western Province-chT"]
[Site "Cape Town"]
[Date "2018.08.04"]
[Round "1"]
[White "Gluckman, David"]
[Black "Kobese, Watu"]
[Result "1/2-1/2"]
[WhiteElo "2193"]
[BlackElo "2344"]
[PlyCount "56"]
[EventDate "2018.08.04"]
[EventType "team-tourn"]
[EventRounds "11"]
[EventCountry "RSA"]
[SourceTitle "EXT 2020"]
[Source "ChessBase"]
[SourceDate "2019.10.17"]
[SourceVersion "1"]
[SourceVersionDate "2019.10.17"]
[SourceQuality "1"]
[WhiteTeam "Cape Town"]
[BlackTeam "African Chess Lounge"]
[WhiteTeamCountry "RSA"]
[BlackTeamCountry "RSA"]

1. Nf3 Nf6 2. c4 g6 3. g3 Bg7 4. Bg2 0-0 5. 0-0 d6 6. d4 Nbd7 7. Nc3 e5 8. e4 c6 9. h3 Qb6 10. c5 dxc5 11. dxe5 Ne8 12. Qc2 Nc7 13. Na4 Qb5 14. Re1 Ne6 15. Be3 Re8 16. Rac1 Nxe5 17. Nxe5 Bxe5 18. b3 Nd4 19. Qd1 b6 20. f4 Bg7 21. e5 Bb7 22. Nc3 Qa5 23. Ne4 Rad8 24. a4 Qb4 25. Rc4 Nf3+ 26. Bxf3 Rxd1 27. Rxd1 Qxb3 28. Rc3 Qxa4 1/2-1/2

[Event "Hastings Masters op 91st"]
[Site "Hastings"]
[Date "2015.12.28"]
[Round "1"]
[White "Gluckman, David"]
[Black "Hebden, Mark"]
[Result "0-1"]
[WhiteElo "2219"]
[BlackElo "2469"]
[PlyCount "106"]
[EventDate "2015.12.28"]
[EventType "swiss"]
[EventRounds "9"]
[EventCountry "ENG"]
[SourceTitle "CBM 170 Extra"]
[Source "ChessBase"]
[SourceDate "2016.02.25"]
[SourceVersion "1"]
[SourceVersionDate "2016.02.25"]
[SourceQuality "1"]

1. Nf3 Nf6 2. g3 g6 3. Bg2 Bg7 4. 0-0 0-0 5. c4 d6 6. d4 Nc6 7. Nc3 Rb8 8. Bf4 Ng4 9. h3 e5 10. Bg5 f6 11. Bc1 Nh6 12. dxe5 dxe5 13. Qxd8 Rxd8 14. e4 Nf7 15. Nd5 Be6 16. Be3 Rd7 17. Rac1 Nd6 18. Nd2 Ne8 19. Nb3 b6 20. Rfd1 a5 21. Bf1 a4 22. Nd2 Bf8 23. Nb1 Bc5 24. Bxc5 bxc5 25. Nbc3 Ra8 26. Nb5 Nd4 27. Nxd4 cxd4 28. c5 Rb8 29. Rd2 Kg7 30. c6 Rd6 31. Rc5 f5 32. f3 fxe4 33. fxe4 Bxd5 34. Rxd5 Rxd5 35. exd5 Kf6 36. Be2 Ke7 37. Bd1 Rb4 38. a3 Rc4 39. Rc2 Rxc2 40. Bxc2 Kd6 41. Bxa4 Kxd5 42. Bb3+ Kc5 43. g4 g5 44. Ba4 Nd6 45. Kf2 e4 46. Ke2 Nc4 47. b4+ Kd6 48. Bc2 d3+ 49. Bxd3 exd3+ 50. Kxd3 Nxa3 51. Ke4 Ke6 52. Kd4 Nc2+ 53. Kc5 Nxb4 0-1

[Event "RSA-ch"]
[Site "Cape Town"]
[Date "2014.01.04"]
[Round "1"]
[White "Cawdery, Daniel"]
[Black "Gluckman, David"]
[Result "0-1"]
[WhiteElo "2382"]
[BlackElo "2232"]
[PlyCount "70"]
[EventDate "2014.01.04"]
[EventType "tourn"]
[EventRounds "11"]
[EventCountry "RSA"]
[SourceTitle "CBM 158 Extra"]
[Source "ChessBase"]
[SourceDate "2014.02.28"]
[SourceVersion "1"]
[SourceVersionDate "2014.02.28"]
[SourceQuality "1"]

1. e4 e6 2. d4 d5 3. Nd2 Nc6 4. Ngf3 Nf6 5. e5 Nd7 6. Bd3 Nb4 7. Be2 c5 8. c3 Nc6 9. 0-0 cxd4 10. cxd4 f6 11. exf6 Nxf6 12. a3 Qb6 13. Nb1 Bd6 14. b4 0-0 15. Bb2 Bd7 16. Nbd2 Bf4 17. Nb3 Rad8 18. Nc5 Bc8 19. Bd3 Qc7 20. Re1 Rde8 21. g3 e5 22. dxe5 Bxe5 23. Nxe5 Nxe5 24. f4 Neg4 25. Qf3 b6 26. Nb3 Qf7 27. h3 Nh6 28. Bxf6 Qxf6 29. Qxd5+ Kh8 30. Rxe8 Rxe8 31. Rc1 Bxh3 32. Qh5 Qe6 33. Kh2 Bg4 34. Qe5 Qf7 35. Rc7 Rxe5 0-1

[Event "Al Ain op 2nd"]
[Site "Al Ain"]
[Date "2013.12.26"]
[Round "7"]
[White "Gluckman, David"]
[Black "Guliev, Sarhan"]
[Result "1/2-1/2"]
[WhiteElo "2237"]
[BlackElo "2430"]
[PlyCount "134"]
[EventDate "2013.12.19"]
[EventType "swiss"]
[EventRounds "9"]
[EventCountry "UAE"]
[SourceTitle "CBM 158 Extra"]
[Source "ChessBase"]
[SourceDate "2014.02.28"]
[SourceVersion "1"]
[SourceVersionDate "2014.02.28"]
[SourceQuality "1"]

1. Nf3 d5 2. c4 c6 3. b3 Bg4 4. e3 e6 5. Be2 Nd7 6. 0-0 Bd6 7. Ba3 Bxa3 8. Nxa3 Ngf6 9. h3 Bxf3 10. Bxf3 0-0 11. d4 Re8 12. cxd5 exd5 13. Nb1 Ne4 14. Nd2 f5 15. Bxe4 fxe4 16. b4 Re6 17. a4 Qh4 18. Qg4 Qe7 19. b5 Rg6 20. Qh5 Re8 21. bxc6 bxc6 22. Rfc1 Rg5 23. Qe2 c5 24. dxc5 Nxc5 25. Qb5 Nd3 26. Rc7 Qe5 27. Rb1 h6 28. Qd7 Rf8 29. Rc8 Rgf5 30. Rbb8 Rxf2 31. Rxf8+ Rxf8 32. Rxf8+ Kxf8 33. Qxa7 Kg8 34. Qa8+ Kh7 35. Qf8 d4 36. exd4 Qxd4+ 37. Kh2 Qe5+ 38. Kg1 e3 39. Qf3 Qd4 40. Qf5+ g6 41. Qf7+ Qg7 42. Qxg7+ Kxg7 43. Nf3 Kf6 44. a5 Nc5 45. Kf1 Kf5 46. Nh4+ Ke4 47. Nxg6 Kd3 48. Ke1 Na6 49. Ne5+ Ke4 50. Nc4 Kd3 51. Nb2+ Kc3 52. Ke2 Kxb2 53. g4 Kc3 54. Kxe3 Kb4 55. Kf4 Kxa5 56. Kf5 Kb5 57. h4 Nc7 58. Kg6 Kc6 59. Kxh6 Kd6 60. Kg6 Ke7 61. h5 Kf8 62. h6 Kg8 63. h7+ Kh8 64. Kf7 Kxh7 65. g5 Ne8 66. g6+ Kh6 67. Kxe8 Kxg6 1/2-1/2

[Event "Al Ain op 2nd"]
[Site "Al Ain"]
[Date "2013.12.24"]
[Round "6"]
[White "Nezad, Husein Aziz"]
[Black "Gluckman, David"]
[Result "1-0"]
[WhiteElo "2400"]
[BlackElo "2237"]
[PlyCount "81"]
[EventDate "2013.12.19"]
[EventType "swiss"]
[EventRounds "9"]
[EventCountry "UAE"]
[SourceTitle "CBM 158 Extra"]
[Source "ChessBase"]
[SourceDate "2014.02.28"]
[SourceVersion "1"]
[SourceVersionDate "2014.02.28"]
[SourceQuality "1"]

1. Nf3 Nf6 2. c4 g6 3. Nc3 d5 4. cxd5 Nxd5 5. Qb3 Nb6 6. d4 Bg7 7. e4 0-0 8. Be3 Bg4 9. Rd1 Nc6 10. d5 Ne5 11. Be2 Nxf3+ 12. gxf3 Bd7 13. h4 Qe8 14. h5 Ba4 15. Nxa4 Qxa4 16. Qxa4 Nxa4 17. b3 Nc3 18. Rc1 Rfc8 19. h6 Bh8 20. Bd2 Nxe2 21. Kxe2 Be5 22. f4 Bd6 23. e5 Ba3 24. Rc2 a5 25. Rh3 c6 26. dxc6 bxc6 27. Rhc3 Ra6 28. Rc4 e6 29. Ra4 Bf8 30. b4 Bxh6 31. Rxa5 Rxa5 32. bxa5 Bf8 33. a6 c5 34. Rb2 Ra8 35. Rb6 h5 36. Rc6 Be7 37. Rc7 Kf8 38. a7 Ke8 39. Rb7 Bd8 40. Be3 h4 41. Bxc5 1-0

[Event "Al Ain op 2nd"]
[Site "Al Ain"]
[Date "2013.12.22"]
[Round "4"]
[White "Erdogdu, Mert"]
[Black "Gluckman, David"]
[Result "1-0"]
[WhiteElo "2426"]
[BlackElo "2237"]
[PlyCount "81"]
[EventDate "2013.12.19"]
[EventType "swiss"]
[EventRounds "9"]
[EventCountry "UAE"]
[SourceTitle "CBM 158 Extra"]
[Source "ChessBase"]
[SourceDate "2014.02.28"]
[SourceVersion "1"]
[SourceVersionDate "2014.02.28"]
[SourceQuality "1"]

1. e4 e6 2. d4 d5 3. Nc3 Nf6 4. Bg5 dxe4 5. Nxe4 Be7 6. Bxf6 gxf6 7. c4 f5 8. Nc3 Bf6 9. Nf3 c5 10. d5 e5 11. Qc2 Bg7 12. 0-0-0 0-0 13. Nd2 Na6 14. a3 Nc7 15. f3 Ne8 16. Bd3 Nd6 17. Rhg1 a6 18. g4 b5 19. gxf5 Kh8 20. Be4 Qf6 21. Ne2 Bxf5 22. Ng3 Bg6 23. Kb1 Rab8 24. h4 Qxh4 25. Bxg6 fxg6 26. Nge4 Nxe4 27. Nxe4 bxc4 28. Rh1 Qf4 29. Rh3 Qe3 30. Rdh1 h5 31. Qxc4 Rxf3 32. R3h2 Rf4 33. Re2 Qxa3 34. d6 Qb4 35. Qd5 c4 36. d7 Bf6 37. Rc1 Qe7 38. Rxc4 Rb5 39. Qd1 Rb8 40. Rd2 Rd8 41. Rd6 1-0

[Event "Cape Town DSK op"]
[Site "Cape Town"]
[Date "2013.07.27"]
[Round "7"]
[White "Gluckman, David"]
[Black "Tiviakov, Sergei"]
[Result "0-1"]
[WhiteElo "2250"]
[BlackElo "2654"]
[PlyCount "82"]
[EventDate "2013.07.20"]
[EventType "swiss"]
[EventRounds "9"]
[EventCountry "RSA"]
[SourceTitle "CBM 155 Extra"]
[Source "ChessBase"]
[SourceDate "2013.08.26"]
[SourceVersion "1"]
[SourceVersionDate "2013.08.26"]
[SourceQuality "1"]

1. e4 d5 2. exd5 Qxd5 3. Nc3 Qd6 4. d4 Nf6 5. Nf3 g6 6. Be2 c6 7. 0-0 Bg7 8. h3 0-0 9. Re1 Nbd7 10. Bf1 b6 11. Qe2 e6 12. Bg5 Bb7 13. Rad1 Qb4 14. Bc1 Rfe8 15. a3 Qe7 16. Ne5 Rac8 17. Bg5 h6 18. Bh4 g5 19. Bg3 Nf8 20. Rd2 c5 21. Qd1 cxd4 22. Rxd4 Red8 23. Rxd8 Rxd8 24. Bd3 N8d7 25. Nxd7 Qxd7 26. Bb5 Qc8 27. Qe2 a6 28. Bd3 Qc6 29. Qf1 Nh5 30. Bxa6 Bxa6 31. Qxa6 Nxg3 32. fxg3 Rd2 33. Ne4 Rxc2 34. Qd3 Rxb2 35. Qd8+ Kh7 36. Qd3 f5 37. Nf2 Qc5 38. Re2 Rxe2 39. Qxe2 Bd4 40. Qxe6 Bxf2+ 41. Kf1 Bd4 0-1

[Event "Cape Town DSK op"]
[Site "Cape Town"]
[Date "2013.07.24"]
[Round "5"]
[White "Gluckman, David"]
[Black "Haznedaroglu, Kivanc"]
[Result "0-1"]
[WhiteElo "2250"]
[BlackElo "2417"]
[PlyCount "92"]
[EventDate "2013.07.20"]
[EventType "swiss"]
[EventRounds "9"]
[EventCountry "RSA"]
[SourceTitle "CBM 155 Extra"]
[Source "ChessBase"]
[SourceDate "2013.08.26"]
[SourceVersion "1"]
[SourceVersionDate "2013.08.26"]
[SourceQuality "1"]

1. c4 e5 2. Nc3 Nc6 3. g3 g6 4. Bg2 Bg7 5. e3 f5 6. d3 Nf6 7. Nge2 0-0 8. 0-0 d6 9. Rb1 a5 10. b3 Ne7 11. Bb2 c6 12. d4 Qc7 13. Rc1 g5 14. c5 e4 15. cxd6 Qxd6 16. Na4 Ned5 17. Nec3 b6 18. Nxd5 Nxd5 19. Qd2 Ba6 20. Rfe1 Rae8 21. Nc3 Nb4 22. Ba3 c5 23. Bxb4 axb4 24. Ne2 Rd8 25. Bf1 Qg6 26. Nf4 gxf4 27. Bxa6 fxe3 28. fxe3 cxd4 29. Qxb4 dxe3 30. Kh1 f4 31. gxf4 Rd2 32. Re2 Rxe2 33. Qc4+ Kh8 34. Qxe2 Bd4 35. Rg1 Qh6 36. Bc4 Qh4 37. Qg2 Qd8 38. Qxe4 Re8 39. Qc6 e2 40. Re1 Bc3 41. Rxe2 Qd1+ 42. Kg2 Rxe2+ 43. Bxe2 Qxe2+ 44. Kh3 Qh5+ 45. Kg2 Qg6+ 46. Qxg6 hxg6 0-1

[Event "Commonwealth & RSA op"]
[Site "Port Elizabeth"]
[Date "2013.07.13"]
[Round "10"]
[White "Mwali, Chitumbo"]
[Black "Gluckman, David"]
[Result "1-0"]
[WhiteElo "2242"]
[BlackElo "2250"]
[PlyCount "44"]
[EventDate "2013.07.06"]
[EventType "swiss"]
[EventRounds "11"]
[EventCountry "RSA"]
[SourceTitle "CBM 155 Extra"]
[Source "ChessBase"]
[SourceDate "2013.08.26"]
[SourceVersion "1"]
[SourceVersionDate "2013.08.26"]
[SourceQuality "1"]

1. c4 e6 2. g3 f5 3. Bg2 Nf6 4. Nf3 Be7 5. 0-0 0-0 6. Nc3 d5 7. cxd5 exd5 8. d3 c6 9. Bf4 Nh5 10. Be5 Nd7 11. Bd4 f4 12. e3 fxe3 13. fxe3 Nhf6 14. e4 dxe4 15. dxe4 Nc5 16. e5 Ng4 17. Kh1 Ne6 18. Bg1 Bc5 19. Qe2 Qe7 20. Ne4 Bxg1 21. Kxg1 Qb4 22. Kh1 Bd7 1-0

[Event "Commonwealth & RSA op"]
[Site "Port Elizabeth"]
[Date "2013.07.12"]
[Round "9"]
[White "Gluckman, David"]
[Black "Choko, Siyabonga V"]
[Result "1-0"]
[WhiteElo "2250"]
[BlackElo "2011"]
[PlyCount "47"]
[EventDate "2013.07.06"]
[EventType "swiss"]
[EventRounds "11"]
[EventCountry "RSA"]
[SourceTitle "CBM 155 Extra"]
[Source "ChessBase"]
[SourceDate "2013.08.26"]
[SourceVersion "1"]
[SourceVersionDate "2013.08.26"]
[SourceQuality "1"]

1. e4 e5 2. Nf3 Nc6 3. Bb5 a6 4. Ba4 Nf6 5. d3 Bc5 6. 0-0 d6 7. c3 b5 8. Bb3 Bg4 9. Be3 h6 10. Nbd2 0-0 11. h3 Bh5 12. g4 Bg6 13. Nh4 Kh7 14. Nf5 Bxf5 15. exf5 g5 16. Qf3 Bxe3 17. fxe3 d5 18. Qg3 Qd6 19. Kf2 Rad8 20. a4 e4 21. d4 Qxg3+ 22. Kxg3 Rd6 23. Rh1 Nd7 24. Bd1 1-0

[Event "Commonwealth & RSA op"]
[Site "Port Elizabeth"]
[Date "2013.07.09"]
[Round "6"]
[White "Pon, Matt"]
[Black "Gluckman, David"]
[Result "1/2-1/2"]
[WhiteElo "1901"]
[BlackElo "2250"]
[PlyCount "27"]
[EventDate "2013.07.06"]
[EventType "swiss"]
[EventRounds "11"]
[EventCountry "RSA"]
[SourceTitle "CBM 155 Extra"]
[Source "ChessBase"]
[SourceDate "2013.08.26"]
[SourceVersion "1"]
[SourceVersionDate "2013.08.26"]
[SourceQuality "1"]

1. Nf3 d5 2. g3 g6 3. Bg2 Bg7 4. c4 Nf6 5. 0-0 0-0 6. cxd5 Nxd5 7. Nc3 Nxc3 8. bxc3 c5 9. Qc2 Qc7 10. d3 e5 11. Nd2 Nc6 12. Rb1 b6 13. a4 Rb8 14. Ba3 1/2-1/2

[Event "Pretoria Capablanca"]
[Site "Pretoria"]
[Date "2013.04.28"]
[Round "9"]
[White "Gluckman, David"]
[Black "Makoto, Rodwell"]
[Result "1/2-1/2"]
[WhiteElo "2245"]
[BlackElo "2302"]
[PlyCount "31"]
[EventDate "2013.04.24"]
[EventType "tourn"]
[EventRounds "9"]
[EventCountry "RSA"]
[EventCategory "2"]
[SourceTitle "CBM 154 Extra"]
[Source "ChessBase"]
[SourceDate "2013.06.25"]
[SourceVersion "2"]
[SourceVersionDate "2013.06.25"]
[SourceQuality "1"]

1. e4 e5 2. d4 exd4 3. Qxd4 Nc6 4. Qe3 Nf6 5. Nc3 Bb4 6. Bd2 0-0 7. 0-0-0 Re8 8. Qg3 Rxe4 9. a3 Rg4 10. Qe3 Ba5 11. f3 Rg6 12. Nge2 d5 13. Nf4 d4 14. Qe1 Rg5 15. Nce2 Bxd2+ 16. Qxd2 1/2-1/2

[Event "Pretoria Capablanca"]
[Site "Pretoria"]
[Date "2013.04.25"]
[Round "3"]
[White "Mabusela, Johannes Manyedi"]
[Black "Gluckman, David"]
[Result "1/2-1/2"]
[WhiteElo "2320"]
[BlackElo "2245"]
[PlyCount "44"]
[EventDate "2013.04.24"]
[EventType "tourn"]
[EventRounds "9"]
[EventCountry "RSA"]
[EventCategory "2"]
[SourceTitle "CBM 154 Extra"]
[Source "ChessBase"]
[SourceDate "2013.06.25"]
[SourceVersion "2"]
[SourceVersionDate "2013.06.25"]
[SourceQuality "1"]

1. d4 e6 2. e4 d5 3. Nc3 Bb4 4. e5 c5 5. Bd2 Ne7 6. Nb5 Bxd2+ 7. Qxd2 0-0 8. f4 a6 9. Nd6 cxd4 10. Nf3 Nbc6 11. Bd3 f6 12. 0-0 Bd7 13. Qe1 Nc8 14. Nxc8 Rxc8 15. Qh4 h6 16. Qg3 f5 17. Qf2 Qe7 18. Nxd4 Nxd4 19. Qxd4 Qc5 20. Qxc5 Rxc5 21. c3 Bb5 22. Rfd1 Bxd3 1/2-1/2

[Event "Pretoria Capablanca"]
[Site "Pretoria"]
[Date "2013.04.24"]
[Round "2"]
[White "Gluckman, David"]
[Black "Kayonde, Andrew"]
[Result "1-0"]
[WhiteElo "2245"]
[BlackElo "2210"]
[PlyCount "159"]
[EventDate "2013.04.24"]
[EventType "tourn"]
[EventRounds "9"]
[EventCountry "RSA"]
[EventCategory "2"]
[SourceTitle "CBM 154 Extra"]
[Source "ChessBase"]
[SourceDate "2013.06.25"]
[SourceVersion "2"]
[SourceVersionDate "2013.06.25"]
[SourceQuality "1"]

1. e4 c6 2. c4 d5 3. exd5 cxd5 4. cxd5 Nf6 5. Qa4+ Nbd7 6. Nc3 g6 7. d4 Bg7 8. Nf3 0-0 9. Be2 Nb6 10. Qb3 Nfxd5 11. 0-0 Be6 12. Qa3 a5 13. Be3 Nxe3 14. fxe3 Nc4 15. Bxc4 Bxc4 16. Rfe1 b5 17. Qc5 Rc8 18. Qg5 b4 19. Ne4 Bd5 20. Nc5 e5 21. Qxd8 Rfxd8 22. e4 exd4 23. Nb3 Bxb3 24. axb3 d3 25. Red1 Rc5 26. Kf1 Bxb2 27. Ra2 Bf6 28. Ne1 Rd4 29. Nxd3 Rc3 30. Nf2 Rxb3 31. Rxa5 Rxd1+ 32. Nxd1 Rb1 33. Ke2 b3 34. e5 Bxe5 35. Rxe5 Rc1 36. Rd5 h5 37. Rd2 Kg7 38. Rb2 h4 39. Rxb3 f5 40. Ne3 h3 41. gxh3 Kh6 42. Kf3 Kg5 43. Rb2 Rc3 44. Rg2+ Kh5 45. Kf4 Ra3 46. Rg5+ Kh6 47. Rg3 Ra4+ 48. Kf3 Ra2 49. Nd5 g5 50. Ne7 g4+ 51. Kf4 Rf2+ 52. Ke3 Rf1 53. Nxf5+ Rxf5 54. hxg4 Rf1 55. h3 Kg5 56. Rf3 Ra1 57. Rf5+ Kh4 58. Rh5+ Kg3 59. g5 Re1+ 60. Kd4 Kf4 61. h4 Rd1+ 62. Kc5 Kf5 63. Rh8 Rg1 64. Kd6 Kg6 65. Rh6+ Kg7 66. Ke5 Rg4 67. Kf5 Ra4 68. Rg6+ Kh7 69. Rb6 Rxh4 70. Rb7+ Kg8 71. Kg6 Kf8 72. Rb8+ Ke7 73. Kg7 Rh2 74. g6 Rh1 75. Rb7+ Ke8 76. Rb5 Rg1 77. Re5+ Kd7 78. Kf6 Rf1+ 79. Rf5 Rg1 80. Kf7 1-0

[Event "Pretoria Capablanca"]
[Site "Pretoria"]
[Date "2012.05.01"]
[Round "8"]
[White "Gluckman, David"]
[Black "Simutowe, Musatwe"]
[Result "1/2-1/2"]
[WhiteElo "2254"]
[BlackElo "2119"]
[PlyCount "29"]
[EventDate "2012.04.27"]
[EventType "tourn"]
[EventRounds "9"]
[EventCountry "RSA"]
[EventCategory "1"]
[SourceTitle "CBM 148 Extra"]
[Source "ChessBase"]
[SourceDate "2012.06.22"]
[SourceVersion "1"]
[SourceVersionDate "2012.06.22"]
[SourceQuality "1"]

1. d4 Nf6 2. e3 d5 3. Bd3 c5 4. c3 Nc6 5. f4 Qb6 6. Nf3 Bg4 7. Nbd2 e6 8. 0-0 Bh5 9. Qe1 Bg6 10. Be2 Ne4 11. Ne5 Nxd2 12. Qxd2 Be4 13. Bh5 g6 14. Bf3 f5 15. Bxe4 1/2-1/2

[Event "Pretoria Capablanca"]
[Site "Pretoria"]
[Date "2012.05.01"]
[Round "9"]
[White "Van den Heever, Donovan"]
[Black "Gluckman, David"]
[Result "1-0"]
[WhiteElo "2287"]
[BlackElo "2254"]
[PlyCount "99"]
[EventDate "2012.04.27"]
[EventType "tourn"]
[EventRounds "9"]
[EventCountry "RSA"]
[EventCategory "1"]
[SourceTitle "CBM 148 Extra"]
[Source "ChessBase"]
[SourceDate "2012.06.22"]
[SourceVersion "1"]
[SourceVersionDate "2012.06.22"]
[SourceQuality "1"]

1. e4 Nf6 2. e5 Nd5 3. d4 d6 4. Nf3 g6 5. Bc4 c6 6. 0-0 Bg7 7. exd6 Qxd6 8. Bb3 0-0 9. h3 Bf5 10. Re1 h6 11. a4 Nd7 12. Nbd2 N7f6 13. Nc4 Qc7 14. Nh4 Bd7 15. Ne5 g5 16. Nxd7 Qxd7 17. Nf3 Qd6 18. c3 Nd7 19. h4 g4 20. Nd2 g3 21. Ne4 gxf2+ 22. Kxf2 Qg6 23. h5 Qh7 24. Ng3 e5 25. Bc2 f5 26. dxe5 Bxe5 27. Qf3 Ne7 28. Bf4 Qg7 29. Re2 Bxf4 30. Qxf4 Nd5 31. Bb3 Nc5 32. Bxd5+ cxd5 33. Kg1 Qg4 34. Qd6 Rad8 35. Qxc5 f4 36. Qd4 Qxg3 37. Re6 Kh7 38. Rae1 Rf7 39. Re7 Rd7 40. Re8 Rg7 41. R1e2 b6 42. c4 Rdf7 43. cxd5 Qg4 44. R8e5 f3 45. Qd3+ Kg8 46. Re8+ Rf8 47. Rxf8+ Kxf8 48. Qa3+ Kf7 49. Re7+ Kf6 50. Qd6+ 1-0